แสดงรายละเอียดบรรณานุกรม
  กลับหน้าหลัก

Brief Record : Get Marc (ISO 2709) : E-mail record : QR code ปิดหน้าต่าง
E-books : เกี่ยวกับ Collections
LEADER 00000nam 2200000uu 4500
008    120921s2010||||th 000 0 eng d
024    ^a9780071609159
040    ^abcnkk
041 0  ^aeng
060  0 ^aWY159 J66p 2010
100 0  ^aJohnson, Joyce Y.
245 00 ^aPediatric nursing demystified : ^ba self - teaching guide./^cJoyce Y Johnson.
246 0  ^a a self - teaching guide
260    ^aNew York : ^bMcGraw Hill Medical,^c2010.
300    ^axvi,379 p.;^bill.
650  0 ^aNursing assessment ^xMethods.
650  0 ^aNursing care.
650  0 ^aPediatric nursing.
999    ^aใช้งานได้ทุกระบบ
รายการนี้ยังไม่มีแท็ก
คุณยังไม่ได้ล็อกอิน คุณสามารถมีกิจกรรมร่วมกับเว็บไซต์ได้ แต่ต้องล็อกอินก่อน ::
  ล็อกอิน
ลำดับที่ ประเภท เลขเรียก สถานที่ สถานะ
1. หนังสือทั่วไป
หนังสือทั่วไป
WY159 J66p 2010  
  
หนังสือภาษาอังกฤษ On Shelf
  ขอยืม
   [แสดง 1/1 รายการ]

รายการใกล้เคียง
    หัวเรื่อง [Nursing care.]
    หัวเรื่อง [Pediatric nursing.]

BibComment


ยังไม่เคยถูกคอมเมนท์

คอมเมนท์ทรัพยากรรายการนี้
  คอมเมนท์: Pediatric nursin..
Bib 208192

 
 
 

 Union Library Management : ULibM
Copyright 2026. All Rights Reserved.
скачать бесплатно без регистрации порно красивый секс HD Sex Hindi sex

xxx gou

xxxx

bfxxx

xxxwww

Секса Видео

xxxx

Секса Видео

detube

geilexxx

C99 Shell

worms shell

blod xxx video
Ebony Coed Rihanna Rimes Takes A Dick In Her Young Twat priyaa indian fuck anal and pusssy hardcore indian women xxx desi hardcore fucking part 1 bengalixxxcouple